header

Horton Foote (Record no. 149829)

MARC details
000 -LEADER
fixed length control field 01502nam a2200361 a 4500
082 04 - DEWEY DECIMAL CLASSIFICATION NUMBER
Classification number 812/.54
-- B
100 1# - MAIN ENTRY--AUTHOR NAME
Personal name Watson, Charles S.,
245 10 - TITLE STATEMENT
Title Horton Foote
250 ## - EDITION STATEMENT
Edition statement 1st ed.
260 ## - PUBLICATION, DISTRIBUTION, ETC. (IMPRINT)
Place of publication Austin :
Name of publisher University of Texas Press,
Year of publication 2003.
300 ## - PHYSICAL DESCRIPTION
Number of Pages x, 277 p. :
Other physical details ill.
490 1# - SERIES STATEMENT
Series statement The Jack and Doris Smothers series in Texas history, life, and culture ;
650 #0 - SUBJECT ADDED ENTRY--TOPICAL TERM
Topical Term Dramatists, American
Topical Term Screenwriters
856 40 - ELECTRONIC LOCATION AND ACCESS
Uniform Resource Identifier http://site.ebrary.com/lib/rucke/Doc?id=10245812

No items available.

© 2026 Rongo University
Contact us: librarian | system librarian | Rongo university